[Event "Politiken Cup 2007"]
[Site "Helsingor"]
[Date "2007.07.25"]
[Round "7.71"]
[White "Struch, Thomas"]
[Black "Karlsson, Patrik"]
[Result "1-0"]
[WhiteElo "2106"]
[BlackElo "1934"]
[PlyCount "125"]
[EventDate "2007.??.??"]

1. e4 e5 2. Nf3 Nc6 3. Bb5 a6 4. Bxc6 dxc6 5. O-O Bg4 6. h3 h5 7. d3 Qf6 8.
Nbd2 Ne7 9. Re1 Ng6 10. d4 Bd6 11. hxg4 hxg4 12. Nh2 Rxh2 13. Qxg4 Qh4 14. Qxh4
Rxh4 15. Nf3 Rh5 16. Be3 f6 17. Rad1 O-O-O 18. g3 exd4 19. Bxd4 Re8 20. Bc3 Bc5
21. Kg2 Reh8 22. Bd4 Bxd4 23. Rxd4 Ne5 24. Nxe5 Rh2+ 25. Kf3 fxe5 26. Rd2 Rf8+
27. Ke3 g5 28. Rf1 Rg2 29. Ke2 g4 30. Ke1 Rh2 31. f4 Rh3 32. Rd3 exf4 33. gxf4
g3 34. f5 Rh4 35. Re3 Re8 36. Rxg3 Rhxe4+ 37. Kd2 Re2+ 38. Kd3 R2e7 39. f6 Rd7+
40. Kc3 Rf7 41. Rg7 Ref8 42. Rxf7 Rxf7 43. Kd4 Kd7 44. Ke5 Rf8 45. Rd1+ Kc8 46.
Rd2 b5 47. Ke6 Re8+ 48. Kf7 Re1 49. Kg8 Rg1+ 50. Kf8 c5 51. f7 Re1 52. Rd5 c6
53. Rf5 Kd7 54. Kg7 Re7 55. Kg8 Rxf7 56. Rxf7+ Kd6 57. Ra7 c4 58. Rxa6 Kd5 59.
Kf7 b4 60. a4 c5 61. a5 c3 62. bxc3 bxc3 63. Rb6 1-0

[Event "Politiken Cup 2007"]
[Site "Helsingor"]
[Date "2007.07.25"]
[Round "7.72"]
[White "Cannon, Richard J"]
[Black "Viljanen, Jouko"]
[Result "1-0"]
[WhiteElo "2104"]
[BlackElo "1917"]
[PlyCount "107"]
[EventDate "2007.??.??"]

1. e4 c5 2. Nf3 d6 3. Nc3 Nf6 4. e5 dxe5 5. Nxe5 a6 6. a4 Nbd7 7. Nc4 Nb6 8.
Qf3 Nxc4 9. Bxc4 Qd4 10. d3 e6 11. h3 Be7 12. O-O O-O 13. Be3 Qd8 14. Rfd1 Qc7
15. a5 Bd7 16. Qe2 Bc6 17. d4 Nd5 18. Bxd5 exd5 19. dxc5 Rad8 20. Bd4 Rfe8 21.
Qg4 Bf8 22. b4 Re6 23. Re1 Rg6 24. Qf3 Be7 25. Rad1 Bg5 26. Ne2 Bd7 27. Ng3 Be6
28. Nf5 Qd7 29. Ng3 Bh4 30. Be5 Bxg3 31. fxg3 Qb5 32. Rd4 Rd7 33. Red1 h6 34.
Qd3 Qa4 35. Qd2 Qa2 36. c4 Qxd2 37. R1xd2 Rg5 38. Bf4 Rf5 39. g4 Rxf4 40. Rxf4
dxc4 41. Rxd7 Bxd7 42. Rxc4 Kf8 43. Rd4 Bc6 44. Kf2 Ke7 45. g3 Ke6 46. Ke3 Ke5
47. Rd6 Bg2 48. h4 Bh1 49. b5 axb5 50. Rb6 Bd5 51. c6 bxc6 52. a6 b4 53. Rxb4
c5 54. Rb8 1-0

[Event "Politiken Cup 2007"]
[Site "Helsingor"]
[Date "2007.07.25"]
[Round "7.73"]
[White "Pedersen, Dimon Paul"]
[Black "Andersen, Harry"]
[Result "1-0"]
[WhiteElo "2092"]
[BlackElo "1912"]
[PlyCount "37"]
[EventDate "2007.??.??"]

1. c4 Nf6 2. g3 g6 3. Bg2 Bg7 4. Nc3 c5 5. a3 O-O 6. b4 d6 7. Rb1 Ng4 8. Nf3
Nc6 9. O-O Rb8 10. h3 Nge5 11. Nxe5 Nxe5 12. Qb3 Be6 13. Nd5 Qd7 14. bxc5 dxc5
15. Kh2 Rfd8 16. d3 Nc6 17. Bf4 Nd4 18. Qd1 Rbc8 19. Rxb7 1-0

[Event "Politiken Cup 2007"]
[Site "Helsingor"]
[Date "2007.07.25"]
[Round "7.74"]
[White "Reppen, Ellisiv"]
[Black "Nohr, Finn"]
[Result "0-1"]
[WhiteElo "1922"]
[BlackElo "2087"]
[PlyCount "104"]
[EventDate "2007.??.??"]

1. e4 e5 2. Nf3 Nc6 3. Bb5 a6 4. Ba4 Nf6 5. O-O Be7 6. Re1 b5 7. Bb3 d6 8. c3
O-O 9. h3 Nd7 10. d4 Bf6 11. d5 Na5 12. Bc2 Nb6 13. Nbd2 c6 14. dxc6 Qc7 15.
Nf1 Nxc6 16. Bg5 Qe7 17. Bxf6 Qxf6 18. Ng3 g6 19. Nh2 Qe7 20. Ng4 f6 21. Bb3+
Be6 22. Nh6+ Kg7 23. Bxe6 Qxe6 24. Ng4 f5 25. exf5 gxf5 26. Nh5+ Kh8 27. Ne3 f4
28. Qg4 Qxg4 29. Nxg4 Rf5 30. Ngf6 Rf8 31. Rad1 R5xf6 32. Nxf6 Rxf6 33. b3 Kg7
34. Kh2 d5 35. f3 Rd6 36. g3 fxg3+ 37. Kxg3 Kf6 38. f4 Kf5 39. fxe5 Rg6+ 40.
Kh2 Nxe5 41. Rf1+ Ke6 42. Rde1 Nbd7 43. Re2 Nf6 44. Rfe1 Ne4 45. Re3 Rf6 46.
R1e2 Rf1 47. c4 bxc4 48. bxc4 Nxc4 49. Rb3 Rf7 50. Rb8 Ke5 51. Rc8 Kd4 52. Rc6
a5 0-1

[Event "Politiken Cup 2007"]
[Site "Helsingor"]
[Date "2007.07.25"]
[Round "7.75"]
[White "Korley, Kassa"]
[Black "Andersen, Lars Rene"]
[Result "0-1"]
[WhiteElo "1900"]
[BlackElo "2081"]
[PlyCount "62"]
[EventDate "2007.??.??"]

1. e4 c5 2. Nf3 d6 3. d4 cxd4 4. Nxd4 Nf6 5. Nc3 a6 6. Be2 e6 7. Be3 Be7 8. O-O
Qc7 9. Kh1 Nc6 10. f4 O-O 11. Qe1 Nxd4 12. Bxd4 e5 13. Be3 b5 14. a3 Bb7 15.
Bf3 a5 16. Rc1 b4 17. axb4 axb4 18. Nd5 Bxd5 19. exd5 e4 20. Bd1 Nxd5 21. Bd4
f5 22. c4 Bf6 23. Bxf6 Nxf6 24. Qxb4 Qc5 25. Qd2 Rfb8 26. h3 Ra2 27. Rc2 e3 28.
Qc1 Ne4 29. Kh2 Qd4 30. Re1 Nd2 31. Rxe3 Nf1+ 0-1

[Event "Politiken Cup 2007"]
[Site "Helsingor"]
[Date "2007.07.25"]
[Round "7.76"]
[White "Strand, Kjetil"]
[Black "Vaarala, Eric"]
[Result "1-0"]
[WhiteElo "2081"]
[BlackElo "1813"]
[PlyCount "63"]
[EventDate "2007.??.??"]

1. e4 c5 2. Nf3 Nc6 3. d4 cxd4 4. Nxd4 Nf6 5. Nc3 e5 6. Ndb5 d6 7. Bg5 a6 8.
Na3 Be7 9. Nc4 Be6 10. Bxf6 gxf6 11. Ne3 Nd4 12. Qh5 Rc8 13. Bd3 Qa5 14. O-O
Rg8 15. Ncd5 b5 16. b4 Qa3 17. Qxh7 Rf8 18. Qh6 Bxd5 19. Nxd5 Rg8 20. f4 Nxc2
21. Rad1 Nxb4 22. Nxe7 Kxe7 23. fxe5 Qxa2 24. exd6+ Kd7 25. Rf2 Qb3 26. Be2 Rg6
27. Qf4 Rc2 28. Bg4+ Kd8 29. Qf5 Rxg4 30. Qxf6+ Kc8 31. d7+ Kb7 32. d8=Q 1-0

[Event "Politiken Cup 2007"]
[Site "Helsingor"]
[Date "2007.07.25"]
[Round "7.77"]
[White "Eklund, Joel"]
[Black "Melkeraaen, Terje"]
[Result "1-0"]
[WhiteElo "2067"]
[BlackElo "1801"]
[PlyCount "51"]
[EventDate "2007.??.??"]

1. e4 e6 2. d4 d5 3. e5 c5 4. c3 Nc6 5. Nf3 Bd7 6. a3 c4 7. g3 Nge7 8. Bg2 Qb6
9. Nbd2 Na5 10. Rb1 Nb3 11. Nxb3 Ba4 12. O-O Qxb3 13. Qe2 h6 14. Be3 Qc2 15.
Nd2 Qh7 16. b3 cxb3 17. c4 dxc4 18. Bxb7 Rd8 19. Qxc4 Bd7 20. Rxb3 Nd5 21. Bc6
Be7 22. Bxd7+ Rxd7 23. Rb8+ Bd8 24. Qc6 Ke7 25. Qc5+ Ke8 26. Nc4 1-0

[Event "Politiken Cup 2007"]
[Site "Helsingor"]
[Date "2007.07.25"]
[Round "7.78"]
[White "Moustgaard, Alvin"]
[Black "Getz, Nicolai"]
[Result "1/2-1/2"]
[WhiteElo "1607"]
[BlackElo "2060"]
[PlyCount "73"]
[EventDate "2007.??.??"]

1. f4 d5 2. Nf3 Nf6 3. d3 c5 4. g3 Bf5 5. Bg2 Nc6 6. O-O Qd7 7. Ne5 Qc7 8. Nc3
d4 9. Nb5 Qb6 10. Na3 e6 11. Nac4 Qc7 12. e4 dxe3 13. Bxe3 Nxe5 14. Nxe5 Nd5
15. Bf2 Be7 16. c4 Nb6 17. g4 Bg6 18. Bg3 Bd6 19. Qe2 Bxe5 20. fxe5 O-O-O 21.
Rad1 h5 22. h3 hxg4 23. hxg4 f5 24. gxf5 Bxf5 25. Rxf5 exf5 26. Qf3 Rhf8 27.
Bh3 Qd7 28. e6 Qxe6 29. Qf4 Rf7 30. Re1 Qc6 31. Bxf5+ Rxf5 32. Qxf5+ Nd7 33.
Re7 Rh8 34. Bh2 Rf8 35. Be5 b6 36. Qg4 Rh8 37. Bh2 1/2-1/2

[Event "Politiken Cup 2007"]
[Site "Helsingor"]
[Date "2007.07.25"]
[Round "7.79"]
[White "Mathiesen, Erik"]
[Black "Larsen, Tor Ketil"]
[Result "0-1"]
[WhiteElo "2060"]
[BlackElo "1694"]
[PlyCount "80"]
[EventDate "2007.??.??"]

1. e4 c6 2. d4 d5 3. exd5 cxd5 4. Nf3 Bg4 5. Bb5+ Nc6 6. c3 a6 7. Bxc6+ bxc6 8.
Qa4 Qc8 9. Ne5 Bd7 10. b4 f6 11. Nxd7 Qxd7 12. O-O e6 13. Nd2 Qb7 14. Nb3 Qb5
15. Qa3 Bd6 16. Re1 Kf7 17. Qb2 e5 18. Qc2 e4 19. f3 f5 20. fxe4 fxe4 21. Rf1+
Nf6 22. Bg5 Rhf8 23. a4 Qb8 24. g3 Bxg3 25. Bxf6 gxf6 26. Qe2 Ke7 27. Na5 Qc7
28. hxg3 Rg8 29. g4 h5 30. Qh2 Rxg4+ 31. Kh1 Qxh2+ 32. Kxh2 Rag8 33. Kh3 Rg3+
34. Kh4 R8g4+ 35. Kxh5 Rg8 36. Kh4 R3g5 37. Nxc6+ Ke6 38. Rxf6+ Kxf6 39. Rf1+
Ke6 40. b5 R5g7 0-1

[Event "Politiken Cup 2007"]
[Site "Helsingor"]
[Date "2007.07.25"]
[Round "7.80"]
[White "Helgadottir, Sigridur Bjorg"]
[Black "Doran, Chris"]
[Result "0-1"]
[WhiteElo "1564"]
[BlackElo "2060"]
[PlyCount "80"]
[EventDate "2007.??.??"]

1. c4 Nf6 2. Nc3 g6 3. d4 Bg7 4. e4 d6 5. f3 O-O 6. Be3 c5 7. d5 e6 8. dxe6
fxe6 9. Qd2 Nc6 10. O-O-O Nd4 11. Bxd4 cxd4 12. Qxd4 Nd5 13. Qd2 Nxc3 14. bxc3
Qa5 15. Ne2 Bd7 16. Nd4 Ba4 17. Re1 Bh6 18. Qxh6 Qxc3+ 19. Kb1 Qxe1+ 20. Qc1
Qxc1+ 21. Kxc1 Kf7 22. Be2 Rac8 23. Kb2 e5 24. Nb3 Bxb3 25. axb3 Rc7 26. Rd1
Ke7 27. Rd5 Rc5 28. b4 Rxd5 29. exd5 e4 30. Kc3 exf3 31. Bxf3 b6 32. h3 Rf4 33.
b5 Kf6 34. Kd3 Ke5 35. Be2 Rf2 36. Bf3 Ra2 37. Ke3 Ra3+ 38. Kd2 Kd4 39. Be2
Ra2+ 40. Ke1 Rxe2+ 0-1

[Event "Politiken Cup 2007"]
[Site "Helsingor"]
[Date "2007.07.25"]
[Round "7.81"]
[White "Guttulsrud, Odd Martin"]
[Black "Jensen, Morten Frank"]
[Result "1/2-1/2"]
[WhiteElo "1426"]
[BlackElo "2054"]
[PlyCount "64"]
[EventDate "2007.??.??"]

1. e4 Nc6 2. Nf3 e6 3. d4 d5 4. e5 f6 5. exf6 Nxf6 6. c3 Bd6 7. Be2 O-O 8. O-O
Bd7 9. Be3 Ng4 10. h3 Nxe3 11. fxe3 Ne7 12. Bd3 Nf5 13. Re1 Bg3 14. Re2 Nh4 15.
Nbd2 Be8 16. Qc2 Bh5 17. Rf1 g6 18. Qd1 Qe7 19. e4 c6 20. exd5 cxd5 21. c4 Qd7
22. Qb3 Kh8 23. cxd5 exd5 24. Bc2 Rac8 25. Re3 Nf5 26. Bxf5 Rxf5 27. Ne5 Bxe5
28. Rxe5 Rxe5 29. dxe5 Be2 30. Re1 Ba6 31. Nf3 Bc4 32. Qe3 d4 1/2-1/2

[Event "Politiken Cup 2007"]
[Site "Helsingor"]
[Date "2007.07.25"]
[Round "7.82"]
[White "Schmied, Andreas"]
[Black "Christensen, Casper"]
[Result "1-0"]
[WhiteElo "2054"]
[BlackElo "1524"]
[PlyCount "109"]
[EventDate "2007.??.??"]

1. e4 c5 2. Nf3 a6 3. c4 Nc6 4. d4 cxd4 5. Nxd4 e5 6. Nc2 Bc5 7. Bd3 d6 8. O-O
Qf6 9. Nc3 Nge7 10. Be3 Qg6 11. Kh1 O-O 12. Nd5 f5 13. Nxe7+ Nxe7 14. exf5 Bxf5
15. Bxf5 Qxf5 16. b4 Bxe3 17. Nxe3 Qe6 18. Qd2 Kh8 19. Rad1 Rad8 20. a3 Rf4 21.
Qe2 Nc6 22. Nd5 Rd4 23. Rxd4 Nxd4 24. Qd3 Rf8 25. f4 Qf5 26. Qd1 h6 27. Ne3 Qe4
28. fxe5 Rxf1+ 29. Nxf1 dxe5 30. Ng3 Qc2 31. Qf1 Kh7 32. h3 Qd2 33. b5 axb5 34.
cxb5 Qe3 35. Nf5 Qe2 36. Qxe2 Nxe2 37. Nd6 Nc3 38. Nxb7 Nxb5 39. a4 Nc7 40. Nc5
Kg6 41. Kg1 Kf5 42. Kf2 g5 43. a5 h5 44. a6 Na8 45. a7 Kf6 46. Ke3 Kf5 47. Ne4
h4 48. Kf3 Nb6 49. Nd6+ Ke6 50. Nc4 e4+ 51. Kxe4 Na8 52. Kd4 Kf6 53. Kc5 Ke7
54. Nb6 Nc7 55. Nd5+ 1-0

[Event "Politiken Cup 2007"]
[Site "Helsingor"]
[Date "2007.07.25"]
[Round "7.83"]
[White "Akdag, Dara"]
[Black "Jørgensen, Rasmus"]
[Result "1-0"]
[WhiteElo "2053"]
[BlackElo "1399"]
[PlyCount "57"]
[EventDate "2007.??.??"]

1. d4 Nf6 2. c4 g6 3. Nc3 Bg7 4. e4 d6 5. Nf3 O-O 6. Be2 e5 7. O-O Nc6 8. d5
Ne7 9. b4 Nh5 10. Re1 f5 11. Ng5 Nf6 12. f3 f4 13. c5 h6 14. Ne6 Bxe6 15. dxe6
a6 16. Bc4 Kh8 17. a4 g5 18. Ba3 Qe8 19. b5 h5 20. cxd6 cxd6 21. Qe2 g4 22.
Bxd6 Rg8 23. Kh1 Rc8 24. Rac1 Bh6 25. Bxe5 Qg6 26. Nd5 Nexd5 27. exd5 Rg7 28.
Bd3 Rxc1 29. Bxg6 1-0

[Event "Politiken Cup 2007"]
[Site "Helsingor"]
[Date "2007.07.25"]
[Round "7.84"]
[White "Cannon, Raymond C"]
[Black "Fjellheim, Marius"]
[Result "1-0"]
[WhiteElo "2050"]
[BlackElo "1318"]
[PlyCount "49"]
[EventDate "2007.??.??"]

1. e4 e6 2. d4 d5 3. Nd2 c5 4. Ngf3 c4 5. exd5 exd5 6. b3 cxb3 7. axb3 Bd6 8.
Bb5+ Nc6 9. O-O Nge7 10. Re1 O-O 11. Nf1 Bg4 12. c3 Nf5 13. h3 Bxf3 14. Qxf3
Nh4 15. Qg4 f5 16. Qh5 g6 17. Qg5 Be7 18. Rxe7 Qxe7 19. Bxc6 Qxg5 20. Bxd5+ Kg7
21. Bxg5 Nxg2 22. Kxg2 f4 23. Re1 Rf5 24. Re7+ Kf8 25. Re5 1-0

[Event "Politiken Cup 2007"]
[Site "Helsingor"]
[Date "2007.07.25"]
[Round "7.85"]
[White "Rolvaag, Birk Anders"]
[Black "Jorgensen, Arne Bjorn"]
[Result "1-0"]
[WhiteElo "1320"]
[BlackElo "2049"]
[PlyCount "107"]
[EventDate "2007.??.??"]

1. e4 d6 2. Nc3 Nf6 3. g3 g6 4. Bg2 Bg7 5. d3 O-O 6. Nge2 c5 7. O-O Nc6 8. h3
Bd7 9. Be3 Rb8 10. Qd2 Re8 11. Bh6 Bh8 12. f4 b5 13. f5 Ne5 14. fxg6 fxg6 15.
Bg5 Rf8 16. Nf4 Bg7 17. Ncd5 Rf7 18. Bxf6 exf6 19. c3 Qc8 20. Kh2 a5 21. d4 Nc4
22. Qf2 Kh8 23. b3 Nb6 24. e5 dxe5 25. dxe5 f5 26. Nxb6 Rxb6 27. e6 Bxe6 28.
Nxe6 Qxe6 29. Qxc5 Qd6 30. Qe3 Re7 31. Qf3 Rb8 32. Rad1 Qc7 33. Rd3 Rbe8 34.
Rf2 Bh6 35. Qd5 Qb6 36. Qd4+ Qxd4 37. cxd4 Rd8 38. Bc6 b4 39. d5 Rd6 40. Rc2
Re1 41. Kg2 Bg7 42. Kf2 Ra1 43. Re2 Kg8 44. Kf3 Rc1 45. Rde3 Rc3 46. Kg2 Rd8
47. Re8+ Rxe8 48. Rxe8+ Kf7 49. Re2 Bf8 50. Be8+ Kg8 51. Re6 Rd3 52. Bb5 Rxd5
53. Bc4 Rd2+ 54. Re2+ 1-0

[Event "Politiken Cup 2007"]
[Site "Helsingor"]
[Date "2007.07.25"]
[Round "7.86"]
[White "Hvenekilde, Jorgen"]
[Black "Hernandez Castro, Julio Cesar"]
[Result "1/2-1/2"]
[WhiteElo "2239"]
[BlackElo "1898"]
[PlyCount "48"]
[EventDate "2007.??.??"]

1. d4 Nf6 2. c4 g6 3. Nc3 Bg7 4. e4 d6 5. Nf3 O-O 6. Be2 e5 7. O-O Nc6 8. d5
Ne7 9. Ne1 Nd7 10. Nd3 f5 11. Bd2 Nf6 12. f3 f4 13. c5 g5 14. cxd6 cxd6 15. Nf2
h5 16. h3 Ng6 17. Qc2 g4 18. fxg4 hxg4 19. hxg4 Ne8 20. Bf3 Rf7 21. Rfc1 Bf6
22. a4 Bh4 23. Be1 Bg3 24. Kf1 Nf6 1/2-1/2

[Event "Politiken Cup 2007"]
[Site "Helsingor"]
[Date "2007.07.25"]
[Round "7.87"]
[White "Sigurdsson, Pall"]
[Black "Leszczynski, Krzysztof"]
[Result "0-1"]
[WhiteElo "1893"]
[BlackElo "2180"]
[PlyCount "120"]
[EventDate "2007.??.??"]

1. e4 c5 2. Nf3 a6 3. d4 cxd4 4. Nxd4 Nf6 5. Nc3 e5 6. Nf3 Bb4 7. Bd2 O-O 8.
Bd3 d6 9. Bg5 h6 10. Bxf6 Bxc3+ 11. bxc3 Qxf6 12. O-O Nc6 13. Qd2 Bg4 14. Be2
Bxf3 15. Bxf3 Rac8 16. Rfd1 Rfd8 17. Rab1 Na5 18. Be2 Qe6 19. h3 Rc6 20. Kh2
Qc8 21. a4 Rxc3 22. Rb6 Qc5 23. Rxd6 Rxd6 24. Qxd6 Qxd6 25. Rxd6 Rxc2 26. Rd8+
Kh7 27. Bg4 Rxf2 28. Rd5 Nc6 29. Bd7 Ra2 30. Bxc6 bxc6 31. Rxe5 Rxa4 32. Rc5
Rxe4 33. Rxc6 Re6 34. Rc7 Rf6 35. Kg3 Kg6 36. Rc5 Kh7 37. Rc7 g6 38. Ra7 Kg7
39. Re7 Rf5 40. Ra7 a5 41. Ra6 Rb5 42. Kf3 g5 43. Kg4 f6 44. Kg3 h5 45. Kf3 Kg6
46. Kg3 Rb3+ 47. Kf2 Ra3 48. Rc6 h4 49. Ra6 Kf5 50. Rc6 Ra4 51. Kf3 Ra3+ 52.
Kf2 Ke5 53. Ra6 f5 54. Rc6 Ke4 55. Rc4+ Kd5 56. Rc8 g4 57. Ra8 Ke4 58. Rc8 Ra2+
59. Kg1 g3 60. Rc4+ Kd3 0-1

[Event "Politiken Cup 2007"]
[Site "Helsingor"]
[Date "2007.07.25"]
[Round "7.88"]
[White "Rasmussen, Uffe"]
[Black "Oskarsson, Aron Ingi"]
[Result "1-0"]
[WhiteElo "2136"]
[BlackElo "1871"]
[PlyCount "129"]
[EventDate "2007.??.??"]

1. e4 e5 2. Bc4 Nc6 3. Nc3 Nf6 4. d3 h6 5. a3 Bc5 6. f4 d6 7. f5 Nd4 8. Nf3 c6
9. Ba2 a5 10. Bd2 Bd7 11. Rb1 Qe7 12. Na4 Nxf3+ 13. Qxf3 d5 14. Nc3 d4 15. Ne2
Bd6 16. g4 Qd8 17. Ng3 Be7 18. Ke2 Qc7 19. h4 Rf8 20. g5 hxg5 21. hxg5 Ng8 22.
Rh7 g6 23. f6 Bc5 24. Rbh1 Qc8 25. Qg2 Be6 26. Bxe6 Qxe6 27. Qh3 Kd7 28. Qxe6+
Kxe6 29. Rf1 b6 30. Rhh1 b5 31. Ra1 Bb6 32. Nf1 Rfc8 33. Nh2 Rf8 34. Nf3 Rfe8
35. c3 c5 36. cxd4 cxd4 37. Rac1 Rec8 38. Rhd1 Bd8 39. Be1 a4 40. Bg3 Bc7 41.
Nxd4+ exd4 42. Bxc7 Nxf6 43. gxf6 Kxf6 44. Bf4 g5 45. Rxc8 Rxc8 46. Rc1 Rg8 47.
Bg3 Rh8 48. Kf3 Kg6 49. Kg4 f6 50. Rc6 Rh1 51. e5 Rd1 52. Rxf6+ Kg7 53. Rb6
Rxd3 54. Rxb5 Rd2 55. Kxg5 Rg2 56. Rb7+ Kf8 57. Kf4 d3 58. Rd7 d2 59. Kf3 d1=Q+
60. Rxd1 Rxb2 61. Rd3 Ke7 62. Ke4 Rb6 63. Rd6 Rb3 64. Bh4+ Ke8 65. e6 1-0

[Event "Politiken Cup 2007"]
[Site "Helsingor"]
[Date "2007.07.25"]
[Round "7.89"]
[White "Nielsen, Jacob Woge"]
[Black "Pijlman, Rene"]
[Result "1/2-1/2"]
[WhiteElo "2111"]
[BlackElo "1854"]
[PlyCount "59"]
[EventDate "2007.??.??"]

1. e4 c5 2. Nf3 Nc6 3. d4 cxd4 4. Nxd4 g6 5. c4 Nf6 6. Nc3 d6 7. Be2 Nxd4 8.
Qxd4 Bg7 9. Bg5 O-O 10. Qd2 Be6 11. Rc1 Rc8 12. b3 b5 13. Bxf6 Bxf6 14. Nxb5
Qb6 15. O-O Rfd8 16. Rcd1 Bd7 17. Nd4 a5 18. Qe3 Bc6 19. Bg4 Rb8 20. Nxc6 Qxc6
21. Rd5 a4 22. Rfd1 axb3 23. axb3 Qb6 24. Qxb6 Rxb6 25. e5 Bg7 26. c5 Rxb3 27.
f4 Rc3 28. exd6 exd6 29. Rxd6 Rb8 30. Rd8+ 1/2-1/2

[Event "Politiken Cup 2007"]
[Site "Helsingor"]
[Date "2007.07.25"]
[Round "7.90"]
[White "Nielsen, Palle"]
[Black "Lubbers, Johan"]
[Result "1/2-1/2"]
[WhiteElo "1877"]
[BlackElo "2077"]
[PlyCount "125"]
[EventDate "2007.??.??"]

1. d4 Nf6 2. c4 g6 3. Nf3 Bg7 4. Nc3 O-O 5. e4 d6 6. Bd3 Nbd7 7. O-O e5 8. d5
Nc5 9. Bc2 a5 10. Be3 b6 11. Bxc5 bxc5 12. Nd2 Nh5 13. Ne2 Bh6 14. Ng3 Nf4 15.
Nf3 Kh8 16. a4 Rb8 17. b3 Qf6 18. Qe1 Ra8 19. Qc3 Bg7 20. Rae1 h5 21. Ne2 g5
22. Nxf4 gxf4 23. Kh1 Bh6 24. Rg1 Rg8 25. Re2 Bg4 26. h3 Bd7 27. Bd1 Rg7 28.
Ree1 Bg5 29. Nh2 Rh7 30. Ref1 Qh6 31. Nf3 Bf6 32. Nh2 Qg6 33. Qe1 Be7 34. Bc2
Rg7 35. Qc3 Kg8 36. Qf3 Kf8 37. Bd1 h4 38. Re1 Rb8 39. Qc3 Rb4 40. Bg4 f5 41.
exf5 Bxf5 42. Bxf5 Qxf5 43. f3 Rg3 44. Ng4 Bf6 45. Kh2 Bg7 46. Qd2 Bf6 47. Rb1
Bd8 48. Rge1 Qg6 49. Rb2 Be7 50. Qe2 Bf6 51. Qe4 Qxe4 52. Rxe4 Kf7 53. Rb1 Bg7
54. Kg1 Ke7 55. Kf2 Kd7 56. Kf1 c6 57. dxc6+ Kxc6 58. Re2 Rb7 59. Nf2 Rg6 60.
Ne4 Re6 61. Rd2 Bf8 62. Nc3 Re8 63. Rd5 1/2-1/2

[Event "Politiken Cup 2007"]
[Site "Helsingor"]
[Date "2007.07.25"]
[Round "7.91"]
[White "Markgraf, Claudia"]
[Black "Brorsen, Jacob Abildlund"]
[Result "1-0"]
[WhiteElo "2049"]
[BlackElo "1818"]
[PlyCount "97"]
[EventDate "2007.??.??"]

1. e4 c5 2. Nc3 d6 3. g3 g6 4. Bg2 Bg7 5. d3 Nc6 6. Be3 e6 7. Qd2 Nge7 8. Bh6
Bxh6 9. Qxh6 Nd4 10. Qd2 b5 11. e5 d5 12. Nd1 Qc7 13. f4 Bb7 14. Ne3 h5 15. c3
Ndf5 16. Nxf5 Nxf5 17. d4 Qb6 18. Nf3 Rc8 19. O-O O-O 20. Bh3 Ne7 21. f5 exf5
22. Qh6 f6 23. exf6 Qxf6 24. Ng5 Qh8 25. Qxh8+ Kxh8 26. Ne6 Rfe8 27. Nxc5 Bc6
28. Rfe1 Ng8 29. Bg2 Nf6 30. Bf3 Ne4 31. Bxe4 dxe4 32. Kf2 g5 33. Ke3 Re7 34.
Rf1 Rf8 35. Rf2 Kg7 36. Raf1 Kg6 37. h4 Bd5 38. b3 a5 39. a4 Rc7 40. axb5 Bxb3
41. b6 Rc6 42. b7 Be6 43. Nxe6 Rxe6 44. Rxf5 Rb8 45. Rxg5+ Kh6 46. Rf7 a4 47.
Ra5 Kg6 48. Rc7 Rf8 49. Rc8 1-0

[Event "Politiken Cup 2007"]
[Site "Helsingor"]
[Date "2007.07.25"]
[Round "7.92"]
[White "Nordfjoerd, Sverrir"]
[Black "Nordin, Eric"]
[Result "1/2-1/2"]
[WhiteElo "2039"]
[BlackElo "1843"]
[PlyCount "36"]
[EventDate "2007.??.??"]

1. e4 d6 2. d4 Nf6 3. Nc3 g6 4. f4 Bg7 5. Nf3 c5 6. dxc5 Qa5 7. Bd3 Qxc5 8. Qe2
O-O 9. Be3 Qa5 10. O-O Bg4 11. h3 Bxf3 12. Qxf3 Nc6 13. a3 Rac8 14. Kh2 Nd7 15.
Bd2 Qd8 16. Rab1 Nc5 17. Qf2 Nxd3 18. cxd3 e6 1/2-1/2

[Event "Politiken Cup 2007"]
[Site "Helsingor"]
[Date "2007.07.25"]
[Round "7.93"]
[White "Kokholm, Daniel"]
[Black "Rostgaard, Tobias Valentin"]
[Result "1/2-1/2"]
[WhiteElo "2000"]
[BlackElo "1656"]
[PlyCount "55"]
[EventDate "2007.??.??"]

1. d4 Nf6 2. Nc3 d5 3. e4 Nxe4 4. Nxe4 dxe4 5. Bc4 g6 6. Be3 Bg7 7. Qd2 O-O 8.
f3 c5 9. c3 Nc6 10. d5 Ne5 11. Be2 exf3 12. Nxf3 b6 13. Nxe5 Bxe5 14. Bh6 Bg7
15. Bxg7 Kxg7 16. O-O-O Qd6 17. h4 h6 18. g4 Bb7 19. c4 Rad8 20. Rhf1 Qg3 21.
h5 Qe5 22. hxg6 fxg6 23. Bd3 Qg5 24. Qxg5 hxg5 25. Rfe1 Rd7 26. Re6 Rf6 27. Re5
e6 28. dxe6 1/2-1/2

[Event "Politiken Cup 2007"]
[Site "Helsingor"]
[Date "2007.07.25"]
[Round "7.94"]
[White "Jensen, Mads"]
[Black "Skovgaard, Tom"]
[Result "0-1"]
[WhiteElo "1851"]
[BlackElo "1995"]
[PlyCount "100"]
[EventDate "2007.??.??"]

1. d4 Nf6 2. Nc3 d5 3. Bg5 Nbd7 4. e3 e6 5. Bd3 c5 6. Nf3 Qa5 7. O-O c4 8. Be2
b5 9. Nb1 Qb6 10. c3 a5 11. Nbd2 h6 12. Bh4 Bd6 13. Qc2 Bb7 14. Rab1 g5 15. Bg3
Bxg3 16. hxg3 Ke7 17. Nh2 h5 18. b3 Rac8 19. bxc4 dxc4 20. Bf3 Ba6 21. Rb2 Qc7
22. Rfb1 g4 23. Be2 h4 24. gxh4 Rxh4 25. g3 Rxh2 26. Kxh2 Rh8+ 27. Kg2 Bb7+ 28.
e4 Nxe4 29. Nxe4 f5 30. f3 fxe4 31. fxg4 e3+ 32. Bf3 Bxf3+ 33. Kxf3 Rf8+ 34.
Kg2 Rf2+ 35. Qxf2 exf2 36. Kxf2 b4 37. cxb4 c3 38. Rc2 Qc4 39. Re1 Qxd4+ 40.
Kg2 axb4 41. Kh3 Nf6 42. Rce2 Qxg4+ 43. Kg2 Nh5 44. Re3 Nf4+ 45. Kf2 Nd5 46.
Re4 Qf5+ 47. Kg2 c2 48. R4e2 Nc3 49. Rf2 Qd5+ 50. Kh2 Qxa2 0-1

[Event "Politiken Cup 2007"]
[Site "Helsingor"]
[Date "2007.07.25"]
[Round "7.95"]
[White "Persson, Borje"]
[Black "Goes, Dirk"]
[Result "1-0"]
[WhiteElo "1804"]
[BlackElo "1987"]
[PlyCount "81"]
[EventDate "2007.??.??"]

1. e4 Nf6 2. e5 Nd5 3. d4 d6 4. Nf3 Bg4 5. Be2 c6 6. O-O Bxf3 7. Bxf3 dxe5 8.
dxe5 e6 9. Bxd5 cxd5 10. Qe2 Qc7 11. c3 Nc6 12. f4 Bc5+ 13. Kh1 Ne7 14. Be3
Bxe3 15. Qxe3 Nf5 16. Qf2 h5 17. Nd2 O-O 18. Nf3 Rfc8 19. Nh4 Nxh4 20. Qxh4 g6
21. h3 Qd8 22. Qxd8+ Rxd8 23. g4 hxg4 24. hxg4 Rac8 25. Rad1 Rc4 26. Rd4 Rdc8
27. Rfd1 b5 28. a3 a5 29. R1d2 Kg7 30. Rxc4 Rxc4 31. Rd4 Rc8 32. Kg2 f6 33. Kg3
Rh8 34. a4 Rb8 35. b4 fxe5 36. fxe5 axb4 37. Rxb4 Rc8 38. axb5 Rxc3+ 39. Kh4
Rc7 40. b6 Rb7 41. Kg5 1-0

[Event "Politiken Cup 2007"]
[Site "Helsingor"]
[Date "2007.07.25"]
[Round "7.96"]
[White "Nilsson, Ulf"]
[Black "Koskinen, Veikko"]
[Result "1/2-1/2"]
[WhiteElo "1800"]
[BlackElo "1977"]
[PlyCount "86"]
[EventDate "2007.??.??"]

1. d4 f5 2. g3 Nf6 3. Bg2 g6 4. Nf3 Bg7 5. O-O O-O 6. c4 d6 7. Nc3 Qe8 8. d5 a5
9. Nd4 Na6 10. e4 fxe4 11. Nxe4 Nxe4 12. Bxe4 Bh3 13. Bg2 Bxg2 14. Kxg2 Nc5 15.
Be3 e5 16. Nb5 Na6 17. Qd2 b6 18. Bh6 Qd7 19. Bxg7 Qxg7 20. Rae1 g5 21. f3 Rf7
22. Nc3 Nc5 23. Ne4 Nxe4 24. fxe4 Raf8 25. Rxf7 Rxf7 26. Rf1 Rxf1 27. Kxf1 g4
28. Ke2 Qg6 29. Kd3 h5 30. Qf2 Kg7 31. b3 Qg5 32. Qf5 Qxf5 33. exf5 Kf6 34. Ke4
Kg5 35. a3 Kf6 36. a4 Kg5 37. f6 Kxf6 38. Kd3 Kg5 39. Ke4 h4 40. Ke3 Kh5 41.
Ke4 Kg5 42. Kd3 Kf5 43. Ke3 hxg3 1/2-1/2

[Event "Politiken Cup 2007"]
[Site "Helsingor"]
[Date "2007.07.25"]
[Round "7.97"]
[White "Szalai, Janos"]
[Black "Danielsson, Robert"]
[Result "0-1"]
[WhiteElo "1784"]
[BlackElo "1973"]
[PlyCount "124"]
[EventDate "2007.??.??"]

1. e4 c5 2. Nc3 Nc6 3. g3 g6 4. Bg2 Bg7 5. d3 d6 6. Be3 Nf6 7. h3 O-O 8. Qd2
Re8 9. Nge2 Rb8 10. f4 Nd7 11. d4 cxd4 12. Nxd4 a6 13. O-O Nc5 14. Nce2 Nxd4
15. Bxd4 b5 16. Bxg7 Kxg7 17. c3 Bb7 18. Qd4+ Kg8 19. Rad1 Qc7 20. f5 Nd7 21.
fxg6 hxg6 22. Nf4 Ne5 23. Nd3 Nxd3 24. Rxd3 Rbc8 25. Rdf3 Rf8 26. Kh2 Qc4 27.
Qxc4 Rxc4 28. Re3 Rfc8 29. Rd1 b4 30. Rdd3 f6 31. g4 g5 32. Kg3 bxc3 33. Rxc3
Rxc3 34. Rxc3 Rxc3+ 35. bxc3 Kf7 36. Bf1 Ke6 37. Kf3 Ke5 38. Bd3 a5 39. a3 Bc6
40. Ke3 d5 41. exd5 Bxd5 42. Kf2 Kf4 43. Bb5 Ke5 44. Kg3 Kd6 45. h4 gxh4+ 46.
Kxh4 Kc5 47. Ba6 Bc4 48. Bc8 Bd3 49. Be6 Kb5 50. Bb3 Bc4 51. a4+ Kc5 52. Bc2
Bd5 53. Bd3 Bc6 54. g5 fxg5+ 55. Kxg5 Bxa4 56. Kf4 Bb5 57. Bb1 Kc4 58. Ke5 Kxc3
59. Ke6 Bc4+ 60. Kxe7 a4 61. Kd6 a3 62. Kc5 Kb2 0-1